Stavba svépomocí

Salvato in:
Dettagli Bibliografici
Autore principale: Měšťan, Radomír (Autore)
Natura: Libro
Lingua:ceco
Pubblicazione: Praha : SNTL, 1985
Edizione:2.
Soggetti:
Tags: Aggiungi Tag
Nessun Tag, puoi essere il primo ad aggiungerne!!

MARC

LEADER 00000nam a22000003a 4500
001 stu55869
005 20150617225655.2
008 001212s1985----cs------------------cze-d
040 |a STU  |b slo 
041 0 |a cze 
044 |a cs 
080 |a 69.02(035) 
100 1 |a Měšťan, Radomír  |4 aut 
245 1 |a Stavba svépomocí 
250 |a 2. 
260 |a Praha :  |b SNTL,  |c 1985 
300 |a 465 s 
650 7 |a Stavebníctvo-prvky konštrukčné  |2 stusub 
996 |b 284M014860  |c M*233-1  |l MMKN  |s A  |a 24  |w stu55869_0001